| 000 | 00762nam a2200253Ia 4500 | ||
|---|---|---|---|
| 003 | OSt | ||
| 005 | 20220923222805.0 | ||
| 006 | a|||||r|||| 00| 0 | ||
| 007 | ta | ||
| 008 | 220922b |||||||| |||| 00| 0 hin d | ||
| 024 | _a207,987 | ||
| 037 | _cTextual | ||
| 040 |
_aARTS _cARTS _bhin |
||
| 041 |
_2hin _ahin |
||
| 082 | _aO152,3N402,NA, M6 | ||
| 100 |
_aराही, आंेकार _9156291 |
||
| 245 | 0 | _aनाभिकुण्ड | |
| 246 | _aNābhikuṇḍa | ||
| 260 |
_aदिल्ली _b अकुंर प्रका0 _c1986 |
||
| 300 |
_a306पृ. _ccm. |
||
| 650 | _aहिन्दी कहानी | ||
| 942 |
_hO152,3N402,NA, M6 _cTEXL _2CC |
||
| 999 |
_c358583 _d358583 |
||